000 00344nam a2200133Ia 4500
005 20260326100048.0
008 260326s9999||||xx |||||||||||||| ||und||
100 _aVargas, José María
245 0 _aLiturgia y Arte religioso ecuatoriano /
_cJosé María Vargas
260 _bSanto Domingo
300 _a112 p.
650 _aARTE
942 _cBK
999 _c7270
_d7270